| 000 | 00702nam a2200253Ia 4500 | ||
|---|---|---|---|
| 003 | OSt | ||
| 005 | 20220918164931.0 | ||
| 006 | a|||||r|||| 00| 0 | ||
| 007 | ta | ||
| 008 | 220917b |||||||| |||| 00| 0 eng d | ||
| 020 | _a0817301992 | ||
| 024 | _a35,604 | ||
| 037 | _cTextual | ||
| 040 |
_aARTS _cARTS _beng |
||
| 041 |
_2eng _aeng |
||
| 082 | _aO111,3M35:g, M4 | ||
| 100 | _aTwain Mark | ||
| 245 | 0 | _aMythologying of Mark Twain ed by Sara Desaussure Davis and Philip D Beidler | |
| 260 |
_aAlbama _bUniv Of Albama Press _c1984 |
||
| 300 |
_a186p. _ccm. |
||
| 650 | _aENGLISH LITERATURE | ||
| 942 |
_hO111,3M35:g, M4 _cTEXL _2CC |
||
| 999 |
_c127502 _d127502 |
||